NBA Finals MVPs - Statistics

General Stats
  • This quiz has been taken 24 times
  • The average score is 38 of 57
Answer Stats
Hint Answer % Correct
2021 Giannis Antetokounmpo
100%
2024 Jaylen Brown
100%
2019 Kawhi Leonard
100%
2014 Kawhi Leonard
100%
2018 Kevin Durant
100%
2017 Kevin Durant
100%
2020 Lebron James
100%
2016 Lebron James
100%
2013 Lebron James
100%
2012 Lebron James
100%
2023 Nikola Jokic
100%
2025 Shai Gilgeous-Alexander
100%
2022 Stephen Curry
100%
2010 Kobe Bryant
85%
2009 Kobe Bryant
85%
2005 Tim Duncan
85%
2003 Tim Duncan
85%
1999 Tim Duncan
85%
2011 Dirk Nowitzki
80%
2002 Shaquille O'Neal
80%
2001 Shaquille O'Neal
80%
2000 Shaquille O'Neal
80%
1998 Michael Jordan
75%
1997 Michael Jordan
75%
1996 Michael Jordan
75%
1993 Michael Jordan
75%
1992 Michael Jordan
75%
1991 Michael Jordan
75%
2008 Paul Pierce
75%
1995 Hakeem Olajuwon
70%
1994 Hakeem Olajuwon
70%
1985 Kareem Abdul-Jabbar
65%
1971 Kareem Abdul-Jabbar
65%
1986 Larry Bird
65%
1984 Larry Bird
65%
2007 Tony Parker
65%
1987 Magic Johnson
60%
1982 Magic Johnson
60%
1980 Magic Johnson
60%
1972 Wilt Chamberlain
55%
1990 Isaiah Thomas
50%
1969 Jerry West
45%
1988 James Worthy
40%
1983 Moses Malone
40%
1979 Dennis Johnson
35%
1989 Joe Dumars
35%
1974 John Havlicek
35%
1973 Willis Reed
35%
1970 Willis Reed
35%
1977 Bill Walton
30%
2004 Ben Wallace
25%
1975 Rick Barry
25%
1978 Wes Unseld
25%
1981 Cedric Maxwell
15%
2006 Dwayne Wade
15%
2015 Andre Igudola
0%
1976 Joe White
0%
No matching quizzes found
Score Distribution
Percent of People with Each Score
Percentile by Number Answered
Your Score History
You have not taken this quiz